|
|
|
|
| LEADER |
00000nam a22000007a 4500 |
| 005 |
20210910200142.0 |
| 007 |
cr|||| |||| |
| 008 |
210910s2021 co |||||s|||| 00||0 spa d |
| 020 |
|
|
|a 978-958-792-254-7
|
| 035 |
|
|
|a 35041
|
| 040 |
|
|
|a vLex
|
| 090 |
|
|
|c 12405
|d 12405
|
| 100 |
1 |
|
|a Uribe Maca̕s, Mario Enrique
|
| 245 |
1 |
0 |
|a Administracin̤ estratǧica
|h [Recurso electrn̤ico] :
|b Modelo de aplicacin̤ para organizaciones latinoamericanas /
|c Mario Enrique Uribe Maca̕s
|
| 256 |
|
|
|a Servicio en ln̕ea
|
| 260 |
|
|
|a Bogot:̀
|b Ediciones de la U,
|c 2021
|
| 300 |
|
|
|a 1 recurso electrn̤ico
|
| 500 |
|
|
|a Generalmente, la literatura que se encuentra sobre este tema ha sido diseąda o proviene de la escuela de administracin̤ norteamericana y est ̀dirigida a las grandes corporaciones. Estos elementos ter̤icos y conceptuales han sido aplicados a las empresas latinoamericanas, que en su mayora̕ son mipymes, con las dificultades que esta situacin̤ puede acarrear para ellas. Este libro recoge esas principales escuelas del pensamiento estratǧico mundial, a manera de referente, pero propone una metodologa̕ centrada en las realidades de las organizaciones de Amřica Latina. La propuesta ter̤ica y conceptual es ampliamente explicada, con el fin de servir como gua̕ a profesores, estudiantes e investigadores relacionados con la administracin̤ estratǧica, de una parte; y a organizaciones y consultores empresariales, para implementarse en el sector real, de otra parte. Esta consideracin̤ ocasiona que el libro tenga, tambiň, una utilidad prc̀tica que permite acercar los postulados de la academia a la realidad empresarial de los pas̕es latinoamericanos, aportando en doble va̕: en la formacin̤ del talento humano en ciencias administrativas, para que sean competentes al insertarse en las empresas, y en la educacin̤ de directivos empresariales, para que tecnifiquen su gestin̤ gerencial con base en una metodologa̕ con soporte ter̤ico y conceptual.
|
| 506 |
1 |
|
|a Disponible solo en los productos indicados
|d vLex Global
|d vLex Global (Academic Edition, excluding Law Schools)
|d vLex Global (U.S. Academic Edition, Law Schools)
|d vLex Global (U.S. Academic Edition, excluding Law Schools)
|d vLex Global (Academic Edition, Law Schools)
|
| 650 |
0 |
4 |
|a Derecho Pb︢lico y Administrativo
|z Colombia
|
| 740 |
0 |
|
|a vLex Libros (Servicio en ln̕ea)
|
| 856 |
4 |
0 |
|u https://app.vlex.com/#/sources/35041
|z Acceso restringido
|
| 942 |
|
|
|c BOOK
|
| 999 |
0 |
|
|a Public and Administrative Law
|